000 00968nam a2200277Ia 4500
003 OSt
005 20221005111016.0
006 a|||||r|||| 00| 0
007 ta
008 221004b |||||||| |||| 00| 0 hin d
020 _a9788171196869 (hbk)
_c500
024 _a8539
037 _b282, 08/01/2014, Eastern Book Linkers
_cTextual
040 _aCRL
_cCRL
_bhin
041 _2hin
_ahin
082 _aO152,1J32:g, P2
100 _aसिंह, उदयभानु
245 0 _aतुलसी काव्य मीमांसा
246 _aTulasī kāvya mīmāansā
260 _aनई दिल्ली
_bराधाकृष्ण भारत
_c2011
300 _a185पृ0
_ccm.
490 _aFYUP Hindi DC-1
650 _aहिन्दी साहित्य
942 _hO152,1J32:g, P2
_cTEXL
_2cc
999 _c1020546
_d1020546